[Event "Mistrzostwa Polski Niepelnosprawnych w s"]
[Site "Karpacz"]
[Date "2024.02.26"]
[Round "1.1"]
[White "Nowak, Lukasz"]
[Black "Naruszewicz, Lukasz"]
[Result "1-0"]
[WhiteElo "2382"]
[BlackElo "1762"]
[PlyCount "56"]
[EventDate "2024.??.??"]

1. c4 d5 2. cxd5 Qxd5 3. Nc3 Qa5 4. d4 c6 5. e4 e6 6. Nf3 Nd7 7. Bd3 Bb4 8. Bd2
Ne7 9. a3 Bxc3 10. Bxc3 Qh5 11. h3 f6 12. Qc2 Qh6 13. Bd2 Qg6 14. g4 Qf7 15.
O-O-O b5 16. Kb1 Bb7 17. d5 Ne5 18. Nxe5 fxe5 19. Bb4 exd5 20. Bxe7 dxe4 21.
Bxe4 Qxe7 22. Bxc6+ Kf8 23. Rd7 Bxc6 24. Qxc6 Qe8 25. Qd6+ Kg8 26. Qd5+ Kf8 27.
Rc1 Qg6+ 28. Ka1 h5 1-0

[Event "Mistrzostwa Polski Niepelnosprawnych w s"]
[Site "Karpacz"]
[Date "2024.02.26"]
[Round "1.4"]
[White "Drozdzynski, Arkadiusz"]
[Black "Kornasiewicz, Stanislaw"]
[Result "0-1"]
[WhiteElo "1751"]
[BlackElo "2068"]
[PlyCount "118"]
[EventDate "2024.??.??"]

1. g3 g6 2. e4 Bg7 3. d4 d6 4. c3 Nf6 5. Bg2 O-O 6. h3 Nbd7 7. Ne2 e5 8. O-O
Re8 9. Bg5 h6 10. Bxf6 Qxf6 11. Nd2 Qe7 12. Qc2 a5 13. a4 Nb6 14. b3 Bd7 15.
Rac1 Rac8 16. f4 exd4 17. Nxd4 c5 18. Ne2 d5 19. e5 Bf5 20. Qd1 Bd3 21. Nf3 Ba6
22. Re1 Red8 23. Qc2 d4 24. cxd4 cxd4 25. Qb2 d3 26. Rxc8 Rxc8 27. Ned4 Qb4 28.
Qd2 Bf8 29. e6 Qxd2 30. Nxd2 Bc5 31. exf7+ Kxf7 32. N2f3 Rd8 33. Re4 d2 34.
Nxd2 Rxd4 35. Rxd4 Bxd4+ 36. Kh2 Ke6 37. Nf3 Bc3 38. Nh4 Kf6 39. Be4 g5 40.
fxg5+ hxg5 41. Nf5 Nd7 42. Ne3 Ke5 43. Bf3 Nc5 44. Bd1 Ke4 45. Ng2 Kd3 46. h4
gxh4 47. gxh4 Kd2 48. Bf3 Nxb3 49. h5 Nc5 50. Nh4 Nxa4 51. Be4 Nc5 52. Bf5 a4
53. h6 a3 54. Bb1 Bc4 55. h7 Kc1 56. Ba2 Bxa2 57. Ng6 Bf7 58. h8=Q Bxh8 59.
Nxh8 Be8 0-1

[Event "Mistrzostwa Polski Niepelnosprawnych w s"]
[Site "Karpacz"]
[Date "2024.02.26"]
[Round "1.5"]
[White "Seifert, Henryk"]
[Black "Klucznik, Andre"]
[Result "1-0"]
[WhiteElo "2048"]
[BlackElo "1709"]
[PlyCount "90"]
[EventDate "2024.??.??"]

1. e4 e6 2. d4 d5 3. Nd2 Nf6 4. e5 Nfd7 5. c3 c5 6. Bd3 Nc6 7. Ne2 cxd4 8. cxd4
Be7 9. Nf3 O-O 10. h4 f6 11. Nf4 Ndxe5 12. dxe5 fxe5 13. Bxh7+ Kxh7 14. Ng5+
Kg8 15. Nfxe6 Bb4+ 16. Bd2 Bxe6 17. Nxe6 Qb6 18. Nxf8 Rxf8 19. O-O Bc5 20. Be3
d4 21. Bg5 d3 22. Qxd3 Bxf2+ 23. Kh1 Nd4 24. Qc4+ Qe6 25. Qxe6+ Nxe6 26. Be7
Rf7 27. Bd6 e4 28. g3 e3 29. Kg2 Rd7 30. Bb4 Nd4 31. Rac1 Ne2 32. Rc8+ Kh7 33.
Rc2 Nd4 34. Rcxf2 exf2 35. Rxf2 Ne6 36. Bc3 Re7 37. Rf5 a6 38. a4 Kg6 39. g4
Nd8 40. Rg5+ Kh7 41. a5 Nc6 42. h5 Na7 43. Kf3 Nb5 44. Be5 Rd7 45. Ke4 Na7 1-0

[Event "Mistrzostwa Polski Niepelnosprawnych w s"]
[Site "Karpacz"]
[Date "2024.02.26"]
[Round "1.3"]
[White "Stachanczyk, Jacek"]
[Black "Murawski, Eugeniusz"]
[Result "1-0"]
[WhiteElo "2077"]
[BlackElo "1752"]
[PlyCount "65"]
[EventDate "2024.??.??"]

1. e4 c5 2. Nf3 d6 3. d4 cxd4 4. Nxd4 Nf6 5. Nc3 a6 6. Bg5 e6 7. f4 Be7 8. Qf3
Qc7 9. O-O-O Nbd7 10. Bd3 b5 11. Rhe1 Bb7 12. Qg3 h6 13. Bxf6 Bxf6 14. Bxb5 O-O
15. Bxd7 Qxd7 16. e5 dxe5 17. fxe5 Bg5+ 18. Kb1 Qe7 19. Nf3 f5 20. exf6 Bxf6
21. Re3 Rfd8 22. Rde1 Qc5 23. Ne5 Rd2 24. Qg6 Rad8 25. a3 Qf8 26. Ng4 Bxc3 27.
Rxc3 Rd1+ 28. Rxd1 Rxd1+ 29. Ka2 Kh8 30. Rc7 Bxg2 31. Rf7 Qg8 32. Nxh6 Bd5+ 33.
b3 1-0

[Event "Mistrzostwa Polski Niepelnosprawnych w s"]
[Site "Karpacz"]
[Date "2024.02.26"]
[Round "1.2"]
[White "Minko, Janusz"]
[Black "Dukaczewski, Piotr"]
[Result "0-1"]
[WhiteElo "1754"]
[BlackElo "2091"]
[PlyCount "89"]
[EventDate "2024.??.??"]

1. g3 d5 2. Bg2 Nf6 3. Nf3 c6 4. O-O Bg4 5. c4 dxc4 6. a4 Nbd7 7. Na3 e6 8.
Nxc4 Be7 9. Nfe5 Bf5 10. d3 Nxe5 11. Nxe5 Qc7 12. Nc4 e5 13. e4 Be6 14. f4 Bxc4
15. dxc4 Bc5+ 16. Kh1 Rd8 17. Qe2 Bd4 18. fxe5 Bxe5 19. Bf4 O-O 20. Be3 c5 21.
Rad1 Rxd1 22. Rxd1 Re8 23. Bg5 Nd7 24. b3 Nb8 25. Qg4 Qb6 26. Rd3 Qg6 27. Bf3
Bd4 28. Qf5 Nc6 29. Qd7 f6 30. Bf4 Re7 31. Qd5+ Qf7 32. Qxf7+ Kxf7 33. Kg2 g6
34. Bd6 Re8 35. h4 b6 36. h5 Ke6 37. Bf4 g5 38. Bc1 Ne5 39. Rd1 g4 40. Be2 Rg8
41. Bf4 Nc6 42. Bd2 Ke5 43. Bd3 Bb2 44. Bf4+ Ke6 45. Re1 0-1

[Event "Mistrzostwa Polski Niepelnosprawnych w s"]
[Site "Karpacz"]
[Date "2024.02.27"]
[Round "2.2"]
[White "Dukaczewski, Piotr"]
[Black "Salamon, Julia"]
[Result "1-0"]
[WhiteElo "2091"]
[BlackElo "1858"]
[PlyCount "119"]
[EventDate "2024.??.??"]

1. e4 c5 2. Nf3 e6 3. d4 cxd4 4. Nxd4 Nf6 5. Nc3 Nc6 6. Ndb5 Bb4 7. a3 Bxc3+ 8.
Nxc3 d5 9. exd5 exd5 10. Bd3 O-O 11. O-O Bg4 12. f3 Be6 13. Bg5 Qb6+ 14. Kh1
Nd7 15. f4 f6 16. Qh5 f5 17. Qf3 Qc5 18. b4 Qd6 19. Nb5 Qb8 20. Rae1 a6 21.
Rxe6 axb5 22. Qxd5 Nb6 23. Qxb5 Qc8 24. Rfe1 Qc7 25. Qc5 Na4 26. Qc4 Kh8 27. b5
Nb6 28. Qc3 Nd5 29. Qc5 Nxf4 30. Bxf4 Qxf4 31. bxc6 bxc6 32. Qe5 Qxe5 33. R6xe5
g6 34. Ra1 Rfb8 35. Kg1 Ra7 36. a4 Kg7 37. a5 Kf6 38. Rc5 Rc8 39. a6 Ke6 40.
Rb1 Kd6 41. Ra5 Rcc7 42. Rd1 Ke7 43. Re5+ Kf6 44. Rde1 Kf7 45. Kf2 Rd7 46. Ke3
Rd6 47. Kd2 Rxa6 48. Re7+ Kf6 49. R1e6+ Rxe6 50. Rxe6+ Kxe6 51. Bxa6 Ke5 52.
Ke3 g5 53. g3 h6 54. Bc4 c5 55. Bg8 Kf6 56. Kd3 Ke5 57. Kc4 Kd6 58. Bh7 f4 59.
gxf4 gxf4 60. Be4 1-0

[Event "Mistrzostwa Polski Niepelnosprawnych w s"]
[Site "Karpacz"]
[Date "2024.02.27"]
[Round "2.1"]
[White "Wojcik, Wieslaw"]
[Black "Nowak, Lukasz"]
[Result "0-1"]
[WhiteElo "1886"]
[BlackElo "2382"]
[PlyCount "72"]
[EventDate "2024.??.??"]

1. d4 Nf6 2. c4 e6 3. Nf3 d5 4. Nc3 c6 5. Bg5 h6 6. Bxf6 Qxf6 7. e3 Nd7 8. Bd3
g6 9. Qc2 Bg7 10. O-O O-O 11. Rad1 Qe7 12. e4 dxc4 13. Bxc4 e5 14. d5 Nb6 15.
Be2 cxd5 16. Nxd5 Nxd5 17. Rxd5 Be6 18. Rd2 Rfd8 19. b3 Rac8 20. Rxd8+ Qxd8 21.
Qd3 Qa5 22. Qb1 Bf8 23. h3 Bc5 24. Qb2 f6 25. Bd3 Kg7 26. Kh2 Bb6 27. Kg1 Qc3
28. Qxc3 Rxc3 29. Rd1 Kf7 30. Kf1 Ke7 31. Ke2 Bc5 32. Rd2 Bb4 33. Rc2 Kd6 34.
Ne1 Kc5 35. Ke3 Rxc2 36. Bxc2 Bxe1 0-1

[Event "Mistrzostwa Polski Niepelnosprawnych w s"]
[Site "Karpacz"]
[Date "2024.02.27"]
[Round "2.4"]
[White "Kornasiewicz, Stanislaw"]
[Black "Kulpinski, Piotr"]
[Result "1/2-1/2"]
[WhiteElo "2068"]
[BlackElo "1849"]
[PlyCount "66"]
[EventDate "2024.??.??"]

1. e4 c5 2. Nc3 Nc6 3. g3 g6 4. Bg2 Bg7 5. d3 d6 6. Nge2 e5 7. O-O Nge7 8. Bd2
O-O 9. Qc1 Be6 10. Nd5 Qd7 11. c3 Bh3 12. Nxe7+ Nxe7 13. Bh6 Bxg2 14. Kxg2 Bxh6
15. Qxh6 d5 16. Qe3 Qc6 17. Kg1 Rad8 18. c4 dxe4 19. dxe4 f5 20. f3 fxe4 21.
fxe4 b6 22. Nc3 Qe6 23. Nd5 Kg7 24. Qg5 Nc6 25. Rad1 h6 26. Qh4 Nd4 27. Kg2 g5
28. Qh5 Qg6 29. Qxg6+ Kxg6 30. b3 Kg7 31. h3 h5 32. Ne3 Kg6 33. Nd5 Kg7 1/2-1/2

[Event "Mistrzostwa Polski Niepelnosprawnych w s"]
[Site "Karpacz"]
[Date "2024.02.27"]
[Round "2.5"]
[White "Pociejowski, Marek"]
[Black "Seifert, Henryk"]
[Result "0-1"]
[WhiteElo "1850"]
[BlackElo "2048"]
[PlyCount "100"]
[EventDate "2024.??.??"]

1. d4 d5 2. c4 c6 3. Nf3 Nf6 4. Nc3 g6 5. Bf4 Bg7 6. e3 O-O 7. h3 Qb6 8. Qb3
Nbd7 9. c5 Qa5 10. Bd3 b6 11. cxb6 axb6 12. O-O Ba6 13. Bxa6 Qxa6 14. Ne5 Nxe5
15. Bxe5 Rfc8 16. Rfc1 Nd7 17. Bxg7 Kxg7 18. a3 e6 19. Qd1 Nf6 20. f3 c5 21. e4
dxe4 22. dxc5 exf3 23. Qxf3 Rxc5 24. Ne4 Nxe4 25. Qxe4 Rac8 26. Qe3 Qb5 27. b4
Rc4 28. Rxc4 Rxc4 29. Rc1 Rxc1+ 30. Qxc1 Qd7 31. Qc4 b5 32. Qc5 h5 33. Qe5+ f6
34. Qc5 Kf7 35. g4 hxg4 36. hxg4 e5 37. Kh2 e4 38. Kg3 Qd3+ 39. Kh2 e3 40. Qc7+
Ke6 41. Qc8+ Ke5 42. g5 Qe2+ 43. Kh3 Qh5+ 44. Kg2 Qxg5+ 45. Kh1 Kf4 46. Qc7+
Kf3 47. Qc6+ Kf2 48. Qc2+ e2 49. Qc5+ Qxc5 50. bxc5 e1=Q+ 0-1

[Event "Mistrzostwa Polski Niepelnosprawnych w s"]
[Site "Karpacz"]
[Date "2024.02.28"]
[Round "3.4"]
[White "Mierzynski, Jaroslaw"]
[Black "Malecki, Eugeniusz"]
[Result "1/2-1/2"]
[WhiteElo "1912"]
[BlackElo "1938"]
[PlyCount "21"]
[EventDate "2024.??.??"]

1. e4 e6 2. d4 d5 3. exd5 exd5 4. Bd3 Nf6 5. c3 Be7 6. Ne2 O-O 7. O-O c6 8. Re1
Re8 9. Nd2 Nbd7 10. Nf1 Nf8 11. Nfg3 1/2-1/2

[Event "Mistrzostwa Polski Niepelnosprawnych w s"]
[Site "Karpacz"]
[Date "2024.02.28"]
[Round "3.5"]
[White "Stachanczyk, Jacek"]
[Black "Kwiecien, Zbigniew"]
[Result "1-0"]
[WhiteElo "2077"]
[BlackElo "1838"]
[PlyCount "55"]
[EventDate "2024.??.??"]

1. c4 Nf6 2. g3 g6 3. Nc3 c5 4. Bg2 Bg7 5. Nf3 O-O 6. d4 Na6 7. O-O d6 8. Re1
Rb8 9. h3 Be6 10. b3 Qc8 11. Kh2 Rd8 12. e4 cxd4 13. Nxd4 Nc7 14. Bb2 Nh5 15.
Rc1 Bd7 16. Nd5 Kf8 17. Nb5 Ne6 18. Ba3 Bxb5 19. cxb5 Qd7 20. b6 axb6 21. Nxb6
Qb5 22. Nc4 Qa6 23. Qd2 b5 24. Na5 Ra8 25. b4 Rac8 26. Bb2 Nf6 27. Rxc8 Rxc8
28. e5 1-0

[Event "Mistrzostwa Polski Niepelnosprawnych w s"]
[Site "Karpacz"]
[Date "2024.02.28"]
[Round "3.1"]
[White "Nowak, Lukasz"]
[Black "Dzieczkaniec, Piotr"]
[Result "1-0"]
[WhiteElo "2382"]
[BlackElo "1891"]
[PlyCount "110"]
[EventDate "2024.??.??"]

1. e4 e5 2. Nf3 Nc6 3. Bc4 Bc5 4. c3 Nf6 5. d4 Bd6 6. dxe5 Bxe5 7. Ng5 d5 8.
exd5 Nb8 9. Qe2 O-O 10. Qxe5 Re8 11. Ne6 fxe6 12. dxe6 Qd6 13. e7+ Kh8 14. Qxd6
cxd6 15. O-O d5 16. Bb3 h6 17. Re1 Nc6 18. Bf4 Rxe7 19. Rxe7 Nxe7 20. Na3 Bd7
21. f3 Neg8 22. Rd1 Bc6 23. Nc2 Rd8 24. Ne3 Ne7 25. Be5 Rd7 26. Kf2 Nh7 27. Bc2
Ng5 28. Nf5 Nxf5 29. Bxf5 Re7 30. Bd4 b6 31. Bc2 Nf7 32. a4 Nd8 33. h4 Ne6 34.
Be3 Nc5 35. a5 Nd7 36. axb6 Nxb6 37. Bxb6 axb6 38. Rd4 b5 39. Rb4 Ra7 40. Bd3
Ra5 41. Ke3 Kg8 42. Kd4 Kf7 43. Kc5 Ba8 44. Bxb5 Ke6 45. Ra4 Rxa4 46. Bxa4 Ke5
47. Bc6 Bxc6 48. Kxc6 g5 49. hxg5 hxg5 50. b4 d4 51. cxd4+ Kxd4 52. b5 Ke3 53.
b6 Kf2 54. b7 Kxg2 55. b8=Q Kxf3 1-0

[Event "Mistrzostwa Polski Niepelnosprawnych w s"]
[Site "Karpacz"]
[Date "2024.02.28"]
[Round "3.3"]
[White "Seifert, Henryk"]
[Black "Racis, Michal"]
[Result "0-1"]
[WhiteElo "2048"]
[BlackElo "1847"]
[PlyCount "102"]
[EventDate "2024.??.??"]

1. e4 c6 2. d4 d5 3. exd5 cxd5 4. Bd3 Nc6 5. c3 Nf6 6. Bf4 Bg4 7. Qb3 Na5 8.
Qa4+ Bd7 9. Qc2 Rc8 10. Nd2 Nc6 11. Qb1 g6 12. Ngf3 Bg7 13. h3 O-O 14. O-O Ne8
15. Nb3 Nd6 16. Nc5 Be8 17. Re1 b6 18. Nb3 f6 19. Ba6 Rc7 20. Qd1 Bf7 21. a4
Re8 22. Bb5 a5 23. Qe2 Rc8 24. Ba6 Ra8 25. Bxd6 Qxd6 26. Bb5 e5 27. dxe5 fxe5
28. Ng5 Rf8 29. Rad1 Rad8 30. Nxf7 Rxf7 31. c4 Nb4 32. cxd5 Rdf8 33. Qg4 Rf5
34. Re2 h5 35. Qg3 Kh7 36. Bd3 Nxd3 37. Rxd3 Rf4 38. Nd2 Qb4 39. Nf3 e4 40.
Ng5+ Kg8 41. Rde3 h4 42. Qh2 Qxa4 43. Nxe4 Qd1+ 44. Re1 Qxd5 45. g3 R4f5 46.
Qg2 Qd7 47. gxh4 Rf4 48. Qxg6 Qf5 49. Qxb6 Rxh4 50. Qb3+ Kh8 51. Qd3 Be5 0-1

[Event "Mistrzostwa Polski Niepelnosprawnych w s"]
[Site "Karpacz"]
[Date "2024.02.28"]
[Round "3.2"]
[White "Kot, Jerzy"]
[Black "Dukaczewski, Piotr"]
[Result "0-1"]
[WhiteElo "1928"]
[BlackElo "2091"]
[PlyCount "91"]
[EventDate "2024.??.??"]

1. g3 d5 2. Bg2 e5 3. Nf3 e4 4. Nd4 c5 5. Nb5 a6 6. N5a3 Nf6 7. c4 d4 8. O-O h5
9. d3 h4 10. Bg5 hxg3 11. fxg3 e3 12. b4 cxb4 13. Nc2 Nc6 14. Rf4 Bc5 15. a3 b3
16. Nb4 Qd6 17. Bxf6 gxf6 18. Nd5 f5 19. Qxb3 Ne5 20. Nbc3 Ng6 21. Na4 Nxf4 22.
Nxf4 Rb8 23. Nxc5 Qxc5 24. Qb4 Qxb4 25. axb4 Rh6 26. Ra5 b6 27. Rd5 a5 28. bxa5
bxa5 29. Rxa5 Rb1+ 30. Bf1 Rhb6 31. Re5+ Kf8 32. c5 R6b2 33. c6 Rc2 34. Rd5
Rxc6 35. Rxd4 Rcc1 36. Kg2 Bb7+ 37. Kh3 Rxf1 38. Kh4 Rf2 39. h3 Bf3 40. exf3
Rxf3 41. Rd8+ Ke7 42. Rd5 Rxf4+ 43. gxf4 f6 44. Ra5 e2 45. Ra7+ Kd6 46. Ra6+
0-1

[Event "Mistrzostwa Polski Niepelnosprawnych w s"]
[Site "Karpacz"]
[Date "2024.02.29"]
[Round "4.1"]
[White "Dukaczewski, Piotr"]
[Black "Nowak, Lukasz"]
[Result "1/2-1/2"]
[WhiteElo "2091"]
[BlackElo "2382"]
[PlyCount "88"]
[EventDate "2024.??.??"]

1. c4 e6 2. g3 d5 3. Bg2 dxc4 4. Qa4+ Nd7 5. Qxc4 a6 6. Qc2 c5 7. Nf3 Rb8 8. b3
b5 9. Nc3 Bb7 10. a4 Ngf6 11. O-O Be7 12. Bb2 O-O 13. axb5 axb5 14. Ra7 Qb6 15.
Rfa1 Ra8 16. Rxa8 Rxa8 17. Rxa8+ Bxa8 18. Ne5 Bxg2 19. Nxd7 Nxd7 20. Kxg2 Nb8
21. Qd3 Bf6 22. Bc1 Bxc3 23. dxc3 Qc6+ 24. f3 Nd7 25. c4 b4 26. Be3 f6 27. Bf2
g6 28. e4 Kf7 29. Kf1 Ke7 30. Qd2 g5 31. h3 h6 32. g4 Qa8 33. Kg2 Qa1 34. Bg3
Ne5 35. Bf2 Nd7 36. Bg3 Ne5 37. Bf2 Qc3 38. Bxc5+ Kf7 39. Qd1 Nd3 40. Be3 Ke8
41. Kg3 Qe5+ 42. Kg2 Qc3 43. Kg3 Qe5+ 44. Kg2 Qc3 1/2-1/2

[Event "Mistrzostwa Polski Niepelnosprawnych w s"]
[Site "Karpacz"]
[Date "2024.02.29"]
[Round "4.2"]
[White "Racis, Michal"]
[Black "Stachanczyk, Jacek"]
[Result "1-0"]
[WhiteElo "1847"]
[BlackElo "2077"]
[PlyCount "71"]
[EventDate "2024.??.??"]

1. d4 Nf6 2. Bg5 Ne4 3. Bh4 d5 4. f3 Nf6 5. e3 c5 6. c3 Nc6 7. Bd3 e6 8. Ne2
Be7 9. O-O O-O 10. Bg3 a6 11. a3 Qb6 12. Qc1 Bd7 13. b4 cxb4 14. cxb4 Nh5 15.
Bf2 Rfc8 16. Qd2 Qd8 17. Nbc3 b5 18. Rfb1 Nf6 19. Nc1 Ne8 20. Nb3 Nd6 21. Nc5
Nc4 22. Qc2 h6 23. a4 Be8 24. axb5 axb5 25. Rxa8 Rxa8 26. Nxb5 Nxb4 27. Rxb4
Bxb5 28. Rxb5 Na3 29. Qb3 Nxb5 30. Qxb5 Ra1+ 31. Bf1 Qa8 32. g3 Qa2 33. Kg2
Bxc5 34. dxc5 Rb1 35. Qe8+ Kh7 36. Bd3+ 1-0

[Event "Mistrzostwa Polski Niepelnosprawnych w s"]
[Site "Karpacz"]
[Date "2024.03.01"]
[Round "5.2"]
[White "Mannke, Manfred"]
[Black "Dukaczewski, Piotr"]
[Result "1/2-1/2"]
[WhiteElo "2007"]
[BlackElo "2091"]
[PlyCount "21"]
[EventDate "2024.??.??"]

1. d4 f5 2. c4 Nf6 3. Nc3 g6 4. g3 Bg7 5. Bg2 O-O 6. Nf3 d6 7. O-O c6 8. d5 e5
9. dxe6 Bxe6 10. b3 Qe7 11. Bb2 1/2-1/2

[Event "Mistrzostwa Polski Niepelnosprawnych w s"]
[Site "Karpacz"]
[Date "2024.03.01"]
[Round "5.5"]
[White "Mierzynski, Jaroslaw"]
[Black "Siewert, Roman"]
[Result "1/2-1/2"]
[WhiteElo "1912"]
[BlackElo "1844"]
[PlyCount "54"]
[EventDate "2024.??.??"]

1. d4 Nf6 2. Nf3 g6 3. Bf4 Bg7 4. e3 O-O 5. Be2 d6 6. O-O Nbd7 7. h3 c5 8. c3
Qb6 9. Nbd2 Re8 10. Nc4 Qc7 11. a4 b6 12. b4 Bb7 13. Bh2 Ne4 14. Rc1 Qc6 15. b5
Qd5 16. Nb2 cxd4 17. c4 Qc5 18. exd4 Qa3 19. Qc2 Bh6 20. Ra1 Qc3 21. Qb1 Nd2
22. Nxd2 Qxd2 23. Bd3 Bg7 24. Ra2 Bxd4 25. Nd1 Qg5 26. Be4 Bxe4 27. Qxe4 Qc5
1/2-1/2

[Event "Mistrzostwa Polski Niepelnosprawnych w s"]
[Site "Karpacz"]
[Date "2024.03.01"]
[Round "5.4"]
[White "Kot, Jerzy"]
[Black "Dzieczkaniec, Piotr"]
[Result "0-1"]
[WhiteElo "1928"]
[BlackElo "1891"]
[PlyCount "36"]
[EventDate "2024.??.??"]

1. e4 c6 2. c4 d5 3. cxd5 cxd5 4. exd5 Nf6 5. Qa4+ Bd7 6. Qb3 Qc7 7. Nc3 e5 8.
Nf3 Bc5 9. Nb5 Qb6 10. d4 exd4 11. Bf4 Na6 12. O-O-O O-O 13. Nbxd4 Rac8 14. Kb1
Nb4 15. Bc4 a5 16. a4 Ne4 17. Be3 Bxd4 18. Bxd4 Nc5 0-1

[Event "Mistrzostwa Polski Niepelnosprawnych w s"]
[Site "Karpacz"]
[Date "2024.03.01"]
[Round "5.3"]
[White "Putlak, Wojciech"]
[Black "Malecki, Eugeniusz"]
[Result "1/2-1/2"]
[WhiteElo "1923"]
[BlackElo "1938"]
[PlyCount "145"]
[EventDate "2024.??.??"]

1. Nf3 d5 2. d4 c6 3. e3 Nf6 4. c4 e6 5. Nc3 Be7 6. Bd3 Nbd7 7. O-O O-O 8. Qe2
b6 9. e4 dxc4 10. Bxc4 Bb7 11. Bf4 Re8 12. h3 Nf8 13. Rfd1 Ng6 14. Bh2 Qd7 15.
Ne5 Qc8 16. Rac1 Nxe5 17. Bxe5 Qd7 18. a3 Red8 19. Bxf6 Bxf6 20. e5 Be7 21. Ne4
Qe8 22. Qg4 Kh8 23. Rc3 c5 24. Rg3 Qf8 25. Rgd3 Rxd4 26. Rxd4 cxd4 27. Rxd4 Rd8
28. Nc3 Bc5 29. Rd1 Bc6 30. b4 Be7 31. Bb5 Bb7 32. Bd7 a5 33. Na4 axb4 34. axb4
Bxb4 35. Nxb6 Ba5 36. Nc4 Bc7 37. Ba4 Bd5 38. Ne3 Bxe5 39. Nxd5 exd5 40. Qf5 f6
41. Bb3 g6 42. Qf3 d4 43. g3 f5 44. Kg2 Qd6 45. Rd3 Kg7 46. Qb7+ Rd7 47. Qa8
Rc7 48. Bd1 Qc6+ 49. Qxc6 Rxc6 50. Kf3 Kf8 51. h4 h6 52. Ba4 Rc5 53. Ke2 Ke7
54. Kf3 Ra5 55. Bc6 Ra6 56. Bb5 Rb6 57. Ba4 Kd6 58. Bb3 Kc5 59. Bf7 g5 60. hxg5
hxg5 61. Bg8 Kd6 62. g4 fxg4+ 63. Kxg4 Bf6 64. f4 Rb5 65. Bb3 gxf4 66. Kxf4 Rh5
67. Ke4 Be5 68. Rf3 Rh4+ 69. Kd3 Bh8 70. Bc4 Rh1 71. Ke4 Kc5 72. Bd3 Re1+ 73.
Kf5 1/2-1/2

[Event "Mistrzostwa Polski Niepelnosprawnych w s"]
[Site "Karpacz"]
[Date "2024.03.01"]
[Round "5.1"]
[White "Nowak, Lukasz"]
[Black "Racis, Michal"]
[Result "1/2-1/2"]
[WhiteElo "2382"]
[BlackElo "1847"]
[PlyCount "79"]
[EventDate "2024.??.??"]

1. e4 c5 2. Nf3 Nc6 3. d4 cxd4 4. Nxd4 Nf6 5. Nc3 d6 6. f3 e6 7. Be3 Be7 8. Qd2
a6 9. O-O-O Qc7 10. Kb1 O-O 11. g4 b5 12. Nxc6 Qxc6 13. g5 Nd7 14. h4 Ne5 15.
Qg2 Bd7 16. Ne2 Nc4 17. Nd4 Qb7 18. Bc1 d5 19. Bd3 Qb6 20. exd5 exd5 21. f4 Bc5
22. Nb3 Bc6 23. Nxc5 Qxc5 24. Qg1 d4 25. Rh3 Rad8 26. h5 Bd5 27. Rg3 Be6 28. c3
Ne3 29. Bxe3 dxe3 30. Qxe3 Qxe3 31. Rxe3 Bg4 32. Rh1 f6 33. Bc2 fxg5 34. Bb3+
Kh8 35. fxg5 Rf5 36. h6 Rxg5 37. hxg7+ Rxg7 38. Bc2 Kg8 39. Kc1 h5 40. Bb3+
1/2-1/2

[Event "Mistrzostwa Polski Niepelnosprawnych w s"]
[Site "Karpacz"]
[Date "2024.03.02"]
[Round "6.4"]
[White "Putlak, Wojciech"]
[Black "Stachanczyk, Jacek"]
[Result "1-0"]
[WhiteElo "1923"]
[BlackElo "2077"]
[PlyCount "105"]
[EventDate "2024.??.??"]

1. Nf3 Nf6 2. c4 g6 3. g3 Bg7 4. Bg2 O-O 5. O-O c6 6. d4 d5 7. cxd5 cxd5 8. Nc3
Ne4 9. Qb3 Nc6 10. e3 Nxc3 11. Qxc3 Bf5 12. Nh4 Be6 13. Bd2 Rc8 14. Qb3 Na5 15.
Bxa5 Qxa5 16. Qxb7 Rc7 17. Qb3 Rfc8 18. Nf3 Bd7 19. Rfe1 e6 20. Bf1 Bf8 21. a3
Ba4 22. Qd3 Rc2 23. Rab1 Qc7 24. Be2 Rc6 25. Bd1 Qa5 26. Bxa4 Qxa4 27. Re2 Rb6
28. Qd1 Qa6 29. Rc2 Rcb8 30. Ne5 Qa4 31. Nd3 Rb3 32. Rbc1 R3b7 33. Rc3 Qd7 34.
Qc2 Bd6 35. b4 Kg7 36. Nc5 Bxc5 37. Rxc5 h5 38. h4 Kf6 39. Rc7 Rxc7 40. Qxc7
Qxc7 41. Rxc7 a5 42. bxa5 Rb3 43. a6 Rxa3 44. a7 Ra1+ 45. Kg2 Kg7 46. Kf3 Ra2
47. e4 dxe4+ 48. Kxe4 Ra4 49. Kd3 Kf6 50. Kc3 e5 51. dxe5+ Kxe5 52. Rxf7 Ra2
53. Kc4 1-0

[Event "Mistrzostwa Polski Niepelnosprawnych w s"]
[Site "Karpacz"]
[Date "2024.03.02"]
[Round "6.2"]
[White "Kornasiewicz, Stanislaw"]
[Black "Nowak, Lukasz"]
[Result "0-1"]
[WhiteElo "2068"]
[BlackElo "2382"]
[PlyCount "74"]
[EventDate "2024.??.??"]

1. e4 c5 2. Nc3 d6 3. g3 g6 4. Bg2 Bg7 5. d3 Nc6 6. f4 e6 7. Nf3 Nge7 8. O-O
O-O 9. Be3 Rb8 10. Qd2 b5 11. Nh4 b4 12. Nd1 Qc7 13. Kh1 a5 14. f5 exf5 15. Bh6
fxe4 16. Bxg7 Kxg7 17. dxe4 f6 18. Ne3 Be6 19. Nf3 Rbd8 20. Qf2 Qc8 21. a3 Kh8
22. axb4 axb4 23. Qe2 d5 24. exd5 Nxd5 25. Qf2 Nxe3 26. Qxe3 Nd4 27. Nxd4 cxd4
28. Qd2 Qc5 29. Rf2 Bf5 30. Ra4 Rb8 31. b3 Rfe8 32. h3 Re3 33. Kh2 Qe5 34. Rxb4
Qxg3+ 35. Kg1 Rbe8 36. Rxd4 Re1+ 37. Rf1 R8e2 0-1

[Event "Mistrzostwa Polski Niepelnosprawnych w s"]
[Site "Karpacz"]
[Date "2024.03.02"]
[Round "6.1"]
[White "Racis, Michal"]
[Black "Dukaczewski, Piotr"]
[Result "0-1"]
[WhiteElo "1847"]
[BlackElo "2091"]
[PlyCount "102"]
[EventDate "2024.??.??"]

1. d4 d6 2. c4 e5 3. dxe5 dxe5 4. Qxd8+ Kxd8 5. g3 Be6 6. Bg2 c6 7. Nf3 f6 8.
b3 Kc7 9. O-O Nd7 10. Rd1 g5 11. Bb2 Ne7 12. Nbd2 g4 13. Ne1 Ng6 14. a3 h5 15.
Bc3 h4 16. Ba5+ b6 17. Bb4 hxg3 18. hxg3 f5 19. Bc3 Rh6 20. Nc2 Be7 21. Nb4 Nb8
22. Nf1 a5 23. Nd3 Nd7 24. Bb2 e4 25. Nf4 Nxf4 26. gxf4 a4 27. b4 Bxc4 28. Rd2
Rd6 29. Rad1 Bxe2 30. Rxe2 Rxd1 31. Kh2 Bd6 32. Kg3 Rd3+ 33. Ne3 c5 34. Rc2 Kb7
35. Kh4 Be7+ 36. Kh5 Rxe3 37. fxe3 cxb4 38. Kg6 bxa3 39. Ba1 Rf8 40. Bg7 Rg8
41. Kf7 Rxg7+ 42. Kxg7 Bf6+ 43. Kg6 Bb2 44. Kxf5 a2 45. Bxe4+ Kb8 46. Rd2 a1=Q
47. Rxd7 Qc1 48. Ke6 Qc8 49. f5 g3 50. Ke7 Qxd7+ 51. Kxd7 a3 0-1

[Event "Mistrzostwa Polski Niepelnosprawnych w s"]
[Site "Karpacz"]
[Date "2024.03.02"]
[Round "6.3"]
[White "Dzieczkaniec, Piotr"]
[Black "Seifert, Henryk"]
[Result "1/2-1/2"]
[WhiteElo "1891"]
[BlackElo "2048"]
[PlyCount "117"]
[EventDate "2024.??.??"]

1. c4 e6 2. Nc3 d5 3. d4 Nf6 4. Nf3 Be7 5. Bf4 a6 6. e3 O-O 7. Rc1 Nbd7 8. cxd5
exd5 9. Bd3 c6 10. O-O Re8 11. h3 Nf8 12. a3 Ng6 13. Bh2 Bd6 14. Bxd6 Qxd6 15.
Bxg6 hxg6 16. Na4 Bf5 17. Nc5 Re7 18. Qb3 Rb8 19. a4 Ne4 20. Nxe4 dxe4 21. Ne5
Be6 22. Qc3 g5 23. Qc5 Qxc5 24. Rxc5 f6 25. Ng4 Bd5 26. b4 b6 27. Rc3 a5 28.
Rb1 axb4 29. Rxb4 Ra7 30. Rc1 Ra5 31. Rcb1 b5 32. Kh2 Kf7 33. Kg3 Ra6 34. f3
Rab6 35. Nf2 f5 36. fxe4 Bxe4 37. Nxe4 fxe4 38. Kg4 Kf6 39. Rf1+ Ke6 40. Rf5
bxa4 41. Re5+ Kf6 42. Rxa4 Rb2 43. g3 Re2 44. Rxe4 Rb3 45. Rc4 Rexe3 46. Rxc6+
Kf7 47. Rxe3 Rxe3 48. Rd6 Rd3 49. Rd7+ Kf6 50. Rd5 g6 51. Rd6+ Kf7 52. h4 gxh4
53. Kxh4 g5+ 54. Kxg5 Rxg3+ 55. Kf4 Rh3 56. Ke4 Ke7 57. Ra6 Kd7 58. Kd5 Rh5+
59. Kc4 1/2-1/2

[Event "Mistrzostwa Polski Niepelnosprawnych w s"]
[Site "Karpacz"]
[Date "2024.03.03"]
[Round "7.5"]
[White "Mannke, Manfred"]
[Black "Wolanski, Michal"]
[Result "0-1"]
[WhiteElo "2007"]
[BlackElo "1892"]
[PlyCount "30"]
[EventDate "2024.??.??"]

1. d4 Nf6 2. c4 c5 3. d5 b5 4. cxb5 a6 5. bxa6 Bxa6 6. Nc3 g6 7. b3 Bg7 8. Rb1
e6 9. dxe6 fxe6 10. Nf3 O-O 11. g3 Bb7 12. Bg2 Ne4 13. Nxe4 Bxe4 14. Nh4 Bxb1
15. Bxa8 Qa5+ 0-1

[Event "Mistrzostwa Polski Niepelnosprawnych w s"]
[Site "Karpacz"]
[Date "2024.03.03"]
[Round "7.4"]
[White "Seifert, Henryk"]
[Black "Mierzynski, Jaroslaw"]
[Result "1-0"]
[WhiteElo "2048"]
[BlackElo "1912"]
[PlyCount "37"]
[EventDate "2024.??.??"]

1. e4 e6 2. d4 d5 3. Nd2 Be7 4. e5 c5 5. Qg4 Kf8 6. Ndf3 cxd4 7. Bd3 Nc6 8. Ne2
h5 9. Qf4 g5 10. Qg3 g4 11. Nfxd4 f5 12. h4 Bd7 13. c3 a6 14. Be3 Qc7 15. Nf4
Kf7 16. Bxf5 Nd8 17. Bg6+ Kg7 18. Bxh5 Qxe5 19. Qxg4+ 1-0